|
|
|
|
| LEADER |
01116nam a22002537a 4500 |
| 001 |
36073 |
| 003 |
BD-DhAAL |
| 005 |
20260421122329.0 |
| 008 |
211101t2005 bg ||||| |||| 00| 0 ben d |
| 020 |
|
|
|a 9789848167151
|
| 040 |
|
|
|a BD-DhAAL
|d BD-DhAAL
|
| 041 |
|
|
|a ben
|
| 082 |
|
|
|a 891.4409
|2 21
|
| 245 |
|
|
|a বাংলা সাহিত্যের ইতিহাস :
|b প্রাচীন যুগ /
|c সম্পাদনা, বেলাল হোসন.
|
| 260 |
|
|
|a ঢাকা :
|b বর্নবিচিত্রা,
|c ২০০৫.
|
| 300 |
|
|
|a ১৬০ পৃষ্ঠা ;
|c ২১ সে.মি.
|
| 526 |
|
|
|a BIED
|
| 541 |
|
|
|a Complimentary copy from BIED
|e 36073
|
| 650 |
|
|
|a Bengali literature
|x History and criticism.
|9 42312
|
| 700 |
|
|
|a হোসন, বেলাল.
|9 42313
|
| 852 |
|
|
|a Ayesha Abed Library
|c BIED Collection
|
| 942 |
|
|
|2 ddc
|c BK
|
| 999 |
|
|
|c 43304
|d 43304
|
| 952 |
|
|
|0 0
|1 0
|2 ddc
|4 0
|6 891_440900000000000_BAN
|7 0
|9 69463
|a BRACUL
|b BRACUL
|c GEN
|d 2021-11-01
|e Complimentary copy from BIED
|l 0
|o 891.4409 BAN
|p 3010036073
|r 2021-11-01
|t 1
|w 2021-11-01
|y BK
|x Transferred from BIED to General Stacks
|